00225nam a2200097Ia 4500008004100000041000800041082000800049100002000057245002400077260002600101231212s1981 xx 000 0 und d aeng a500 aWolkenstein V.S aProblems in General aMascowbMir Pubc1981